Statistiken für Top 15 der betroffenen Covid-19-Länder - 4. Januar

Klicken Sie hier um das Quiz zu spielen!

Allgemein

  • Dieses Quiz wurde 22 mal gespielt
  • Das Durchschnittsergebnis liegt bei 17 aus 29

Antwortstatistiken

Land% Korrekt
Deutschland
100%
Vereinigte Staaten
100%
Spanien
95%
Indien
90%
Italien
90%
Brasilien
85%
Frankreich
85%
Vereinigtes Königreich
85%
Argentinien
75%
Mexiko
75%
Polen
75%
Belgien
70%
Niederlande
70%
Russland
70%
Türkei
65%
Kolumbien
55%
Tschechien
55%
Iran
50%
Schweden
45%
Schweiz
35%
Israel
30%
Kroatien
30%
Slowenien
30%
Katar
20%
Armenien
15%
Bahrain
15%
Georgien
15%
Litauen
15%
Panama
10%

Verteilung der Resultate

Perzentil nach korrekt beantworteten Fragen

Anzahl Personen mit jedem Resultat

Ihre Resultats-Entwicklung

Sie haben dieses Quiz noch nicht gespielt